Электромагнитный фон и его влияние на человека: учебное пособие

Dades bibliogràfiques
Autor principal: Протасевич Е. Т. Евгений Трофимович
Autor corporatiu: Томский политехнический университет (ТПУ)
Sumari:В учебном пособии представлены общие сведения об электромагнитных полях, классификация компонентов электромагнитного фона, современные представления о физических полях биологических объектов и биологической активности электромагнитных волн. Раскрыты особенности распространения радиоволн ВЧ- и СВЧ-диапазонов внутри зданий, а также вопросы защиты персонала и населения от радиоволнового облучения. Учебное пособие соответствует разделам учебных дисциплин «Экология» и «Безопасность жизнедеятельности», в которых рассматриваются вопросы защиты человека в рабочей зоне (защита персонала), в окружающей среде и вопросы защиты биосферы в целом. Предназначено для студентов, аспирантов, преподавателей и научных работников, а также для сотрудников отделов охраны труда, экологических отделов предприятий и организаций.
Idioma:rus
Publicat: Томск, Изд-во ТПУ, 2004
Col·lecció:Учебники Томского политехнического университета
Matèries:
Format: Llibre
KOHA link:https://koha.lib.tpu.ru/cgi-bin/koha/opac-detail.pl?biblionumber=69146

MARC

LEADER 00000nam0a2200000 4500
001 69146
005 20231031075455.0
035 |a (RuTPU)RU\TPU\book\73642 
090 |a 69146 
100 |a 20041019d2004 m y0rusy50 ca 
101 0 |a rus 
102 |a RU 
105 |a a j 001zy 
200 1 |a Электромагнитный фон и его влияние на человека  |e учебное пособие  |f Е. Т. Протасевич 
210 |a Томск  |c Изд-во ТПУ  |d 2004 
215 |a 100 с.  |c ил. 
225 1 |a Учебники Томского политехнического университета 
320 |a Библиогр.: с. 85-89 
330 |a В учебном пособии представлены общие сведения об электромагнитных полях, классификация компонентов электромагнитного фона, современные представления о физических полях биологических объектов и биологической активности электромагнитных волн. Раскрыты особенности распространения радиоволн ВЧ- и СВЧ-диапазонов внутри зданий, а также вопросы защиты персонала и населения от радиоволнового облучения. Учебное пособие соответствует разделам учебных дисциплин «Экология» и «Безопасность жизнедеятельности», в которых рассматриваются вопросы защиты человека в рабочей зоне (защита персонала), в окружающей среде и вопросы защиты биосферы в целом. Предназначено для студентов, аспирантов, преподавателей и научных работников, а также для сотрудников отделов охраны труда, экологических отделов предприятий и организаций. 
452 1 |0 (RuTPU)RU\TPU\book\125047  |t Электромагнитный фон и его влияние на человека  |o учебное пособие  |f Е. Т. Протасевич  |g Томский политехнический университет  |c Томск  |n Изд-во ТПУ  |d 2004  |s Учебники Томского политехнического университета  |a Протасевич, Евгений Трофимович 
610 1 |a электромагнетизм 
610 1 |a электромагнитные поля 
610 1 |a радиоволны 
610 1 |a экология 
610 1 |a сотовая связь 
610 1 |a электромагнитные волны 
610 1 |a биологическая активность 
610 1 |a микроволновое оружие 
610 1 |a человек 
610 1 |a поражения 
610 1 |a защита 
610 1 |a профилактика 
610 1 |a учебные пособия 
675 |a 537.811(075.8)  |v 3 
675 |a 614.876(075.8)  |v 3 
700 1 |a Протасевич  |b Е. Т.  |g Евгений Трофимович 
712 0 2 |a Томский политехнический университет (ТПУ)  |z 1991-  |2 stltpush  |3 (RuTPU)RU\TPU\col\376 
801 1 |a RU  |b 63413507  |c 20041019  |g PSBO 
801 2 |a RU  |b 63413507  |c 20201118  |g PSBO 
942 |c BK